| 000 | 01009nam a2200229Ia 4500 | ||
|---|---|---|---|
| 999 |
_c40535 _d40535 |
||
| 001 | 7146 | ||
| 003 | GE_BSU | ||
| 005 | 20210222135010.0 | ||
| 008 | 181216s2008||||ge |||||||||||||| ||geo|| | ||
| 020 | _a9789941403125 | ||
| 040 | _cGE_BSU | ||
| 041 | _ageo | ||
| 080 | _a32.01(5-011)+913.3:32(5-011)+330.15 გ-23 | ||
| 100 |
_aგაჩეჩილაძე, რევაზ _96988 |
||
| 245 |
_aახლო აღმოსავლეთი : _b სივრცე, ხალხი და პოლიტიკა / _cრევაზ გაჩეჩილაძე; რედ. მარინე სოხაძე. |
||
| 264 |
_aთბილისი : _bბაკურ სულაკაურის გამ-ბა, _c2008. |
||
| 300 |
_a528 გვ. : _bცხრ.ნახ., _c20 სმ. |
||
| 653 | _aახლო აღმოსავლეთი | ||
| 653 | _aპოლიტიკა | ||
| 700 |
_aსოხაძე, მარინე _eრედაქტორი _910187 |
||
| 942 |
_cBK _2udc |
||